| 000 | 00748nas a2200241 4500 | ||
|---|---|---|---|
| 001 | BR9213440 | ||
| 003 | BR-BrBNA | ||
| 005 | 20231205095300.0 | ||
| 007 | ta | ||
| 008 | 230509b bl.|||p| |||| 00| 00por d | ||
| 040 |
_aBR-BrBNA _bpor _cBiblioteca Nacional de Agricultura |
||
| 041 | _a(Pt) | ||
| 072 | _aF70 | ||
| 100 | 1 | _aJorge, L.I.F. | |
| 100 | 1 | _aPereira, U. | |
| 100 | 1 | _aSilva, A.M. da | |
| 245 | 1 | _aIdentificacao histologica das principais compostas brasileiras de emprego medicinal | |
| 650 | _aCompositae | ||
| 650 | _aPlanta Medicinal | ||
| 773 | 0 |
_tRevista do Instituto Adolfo Lutz (Brazil) _xISSN 0073-9855 _g(Jun-Dec 1991), v. 51(1-2) p. 47-51 _wBR9213440 |
|
| 909 |
_a202311 _bLúcia _c55 _dLúcia Elande |
||
| 942 |
_2AGRIS _n0 _cANA |
||
| 999 |
_c149801 _d149801 |
||